The essential communitarian reader /

Bibliographic Details
Other Authors: Etzioni, Amitai
Format: Book
Language:English
Published: Lanham, Md. : Rowman & Littlefield Publishers, [1998]
Subjects:

MARC

Tag First Indicator Second Indicator Subfields
LEADER 00000cam a2200000 a 4500
001 in00002783883
005 20151202171708.0
008 971006s1998 mdu b 001 0 eng
010 |a  97042335  
020 |a 0847688267 (cloth : alk. paper) 
020 |a 9780847688265 (cloth : alk. paper) 
020 |a 0847688275 (pbk. : alk. paper) 
020 |a 9780847688272 (pbk. : alk. paper) 
035 |a (OCoLC)ocm37820025 
040 |a DLC  |c DLC  |d TXA  |d UtOrBLW 
049 |a TXAM 
050 0 0 |a HM216  |b .E755 1998 
082 0 0 |a 303.3/72  |2 21 
245 0 4 |a The essential communitarian reader /  |c edited by Amitai Etzioni. 
264 1 |a Lanham, Md. :  |b Rowman & Littlefield Publishers,  |c [1998] 
264 4 |c ©1998 
300 |a xxxix, 323 pages ;  |c 24 cm. 
336 |a text  |b txt  |2 rdacontent 
337 |a unmediated  |b n  |2 rdamedia 
338 |a volume  |b nc  |2 rdacarrier 
504 |a Includes bibliographical references and index. 
505 0 0 |t Foundations of communitarian liberalism /  |r Philip Selznick --  |t Community properly understood : a defense of "democratic communitarianism" /  |r Robert N. Bellah --  |t Limits of libertarianism /  |r Thomas A. Spragens, Jr. --  |t Moral reawakening without puritanism /  |r Amitai Etzioni --  |t Dangers of soft despotism /  |r Charles Taylor --  |t Beyond teledemocracy : "America on the line" /  |r James S. Fishkin --  |t Social justice : a communitarian perspective /  |r Philip Selznick --  |t Precarious balance : economic opportunity, civil society, and political liberty /  |r Ralf Dahrendorf --  |t Rights and responsibilities /  |r Dallin H. Oaks --  |t "Absolute" rights : property and privacy /  |r Mary Ann Glendon --  |t Permissible paternalism : in defense of the nanny state /  |r Robert E. Goodin --  |t Finding a place for community in the First Amendment /  |r Roger L. Conner --  |t AIDS prevention vs. cultural sensitivity /  |r Ronald Bayer --  |t Gangsta's rights /  |r Roger L. Conner --  |t Liberal-democratic case for the two-parent family /  |r William Galston --  |t How therapists threaten marriages /  |r William J. Doherty --  |t Residential community associations : community or disunity? /  |r Daniel A. Bell --  |t When redistribution and economic growth fail /  |r Senator Dan Coats --  |t What makes a good urban park? /  |r Peter Katz --  |t Loss of public space /  |r Fred Siegel --  |t Rebuilding urban communities /  |r Senator Bill Bradley --  |t Libertarian conundrum : why the market does not safeguard civil rights /  |r Alan Wolfe --  |t Drug abuse control policy : libertarian, authoritarian, liberal, and communitarian perspectives /  |r Mark Kleiman --  |t Inner-city crime : what the federal government should do /  |r John J. DiIulio, Jr. --  |t Mandate for liberty : requiring education-based community service /  |r Benjamin R. Barber --  |t Social science finds : "marriage matters" /  |r Linda J. Waite --  |t Democracy and the politics of difference /  |r Jean Bethke Elshtain --  |t Pluralism vs. particularism in American education /  |r Diane Ravitch --  |t Immmigration and political community in the United States /  |r Daniel J. Tichenor --  |t Who killed modern manners? /  |r Judith Martin. 
650 0 |a Social ethics. 
650 0 |a Communitarianism. 
650 0 |a Liberalism. 
700 1 |a Etzioni, Amitai. 
948 |a cataloged  |b h  |c 2012/12/10  |d c  |e dmitchel  |f 12:20:10 pm 
994 |a C0  |b TXA 
999 |a MARS 
999 f f |s 35293ae8-0202-3239-8d83-6fa558d4615a  |i aa1d57b2-c79f-358f-ab4e-6df326d4f270  |t 0 
952 f f |p ric  |a Texas A&M University  |b Rellis Campus  |c Joint Library Facility  |d Remote Storage  |t 0  |e HM216 .E755 1998  |h Library of Congress classification  |i unmediated -- volume  |m A14838743825 
998 f f |a HM216 .E755 1998  |t 0  |l Remote Storage